00784nam a22002412a 450000100060000000300080000600500170001400800410003103500510007204000370012304100080016008200300016810000340019824500510023226000510028330000340033449000390036850400310040765000300043865100320046883000100050083000320051034886BD-RjUL20211209052227.0140519s1964 ii 000 0 eng d a(BD-RjUL)34980aOCLC ocm00259894 from D960809M aWSUcWSUdUKMdEQOdBD-RjULbeng aeng00a711.4095487218bRAT 19641 aPrakasa Rao, V. L. S.,d1917-10aTowns of Mysore State /cV. L. S. Prakasa Rao. aCalcutta ;aLondon :bAsia Pub. House.cc1964. avii, 120 p. ;bill. ;c28 cm.1 aIndian statistical series ;vno.22 aBibliographical footnotes. 0aRegional planningzMysore 0aMysorexEconomic conditions 0vno.22 0aIndian statistical series ;